[Event "CAN-ch"]
[Site "Toronto CAN"]
[Date "2004.08.24"]
[Round "5.34"]
[White "Goutor, Valentina"]
[Black "Khaziyeva, Dinara"]
[Result "1/2-1/2"]
[WhiteElo "2065"]
[BlackElo "2098"]
[PlyCount "82"]
[GameId "2160767911077989"]
[EventDate "2004.08.20"]
[EventType "swiss"]
[EventRounds "11"]
[EventCountry "CAN"]

1. e4 d6 2. d4 e5 3. dxe5 dxe5 4. Qxd8+ Kxd8 5. Bc4 f6 6. Be3 c6 7. Nc3 Nd7 8. O-O-O Kc7 9. Nge2 b5 10. Nxb5+ cxb5 11. Bd5 Kb8 12. Bxa8 Kxa8 13. Rxd7 Bxd7 14. Rd1 Bc8 15. Rd8 Ne7 16. Bc5 Ng6 17. Rxc8+ Kb7 18. Bxf8 Kxc8 19. Bxg7 Rg8 20. Bh6 Ne7 21. g3 Kc7 22. Be3 a5 23. Bc5 Nc8 24. Nc3 Kc6 25. b4 axb4 26. Bxb4 Rg7 27. Kd2 Nb6 28. Ke2 Rd7 29. f3 h5 30. a3 Rg7 31. Nd1 Nc4 32. Ne3 Nxe3 33. Kxe3 Rc7 34. h3 Kd7 35. c3 Ke6 36. g4 h4 37. Kd2 Rd7+ 38. Kc2 Kf7 39. Bc5 Rc7 40. Bf2 Kg6 41. Be3 Rc4 1/2-1/2

[Event "CAN-ch"]
[Site "Toronto CAN"]
[Date "2004.08.25"]
[Round "6"]
[White "Kret, Ted"]
[Black "Day, Lawrence"]
[Result "0-1"]
[WhiteElo "2142"]
[BlackElo "2266"]
[PlyCount "80"]
[GameId "2160767911077992"]
[EventDate "2004.08.20"]
[EventType "swiss"]
[EventRounds "11"]
[EventCountry "CAN"]
[SourceTitle "CBM 101 Extra"]
[Source "ChessBase"]
[SourceDate "2004.09.01"]
[SourceVersion "2"]
[SourceVersionDate "2004.09.01"]
[SourceQuality "1"]

1. d4 d6 2. e4 g6 3. c4 Bg7 4. Nf3 Nf6 5. Nc3 O-O 6. Be2 Bg4 7. Be3 Bxf3 8. Bxf3 Nfd7 9. g4 c5 10. d5 b5 11. cxb5 a6 12. Qd2 Qa5 13. Be2 axb5 14. Bh6 Bxh6 15. Qxh6 b4 16. Nd1 b3+ 17. Nc3 Qb4 18. a3 Qd4 19. h4 Na6 20. Rc1 Nc7 21. h5 Qg7 22. Qxg7+ Kxg7 23. h6+ Kh8 24. Rh3 f5 25. exf5 gxf5 26. Re3 Nf6 27. Rd1 fxg4 28. Rxe7 Rac8 29. Ne4 Ncxd5 30. Re6 Nxe4 31. Rxd5 Rce8 32. Rxe8 Rxe8 33. Kf1 Rf8 34. Bxg4 Rxf2+ 35. Ke1 Rxb2 36. Rd3 Rg2 37. Be6 b2 38. Ba2 c4 39. Rf3 d5 40. Bb1 Kg8 0-1

[Event "CAN-ch"]
[Site "Toronto CAN"]
[Date "2004.08.25"]
[Round "6"]
[White "Ng, Gary"]
[Black "Tessier, Olivier"]
[Result "0-1"]
[WhiteElo "2080"]
[BlackElo "2141"]
[PlyCount "74"]
[GameId "2160767911077993"]
[EventDate "2004.08.20"]
[EventType "swiss"]
[EventRounds "11"]
[EventCountry "CAN"]
[SourceTitle "CBM 101 Extra"]
[Source "ChessBase"]
[SourceDate "2004.09.01"]
[SourceVersion "2"]
[SourceVersionDate "2004.09.01"]
[SourceQuality "1"]

1. b4 d5 2. Bb2 Bf5 3. Nf3 Nd7 4. e3 c6 5. c4 dxc4 6. Bxc4 Nb6 7. Be2 Nf6 8. Qb3 e6 9. d4 Bd6 10. Nbd2 O-O 11. a4 a5 12. b5 c5 13. O-O cxd4 14. Nxd4 Bg6 15. Rfd1 e5 16. N4f3 e4 17. Ne5 Qb8 18. Nxg6 Bxh2+ 19. Kh1 hxg6 20. Bxf6 gxf6 21. Nxe4 Be5 22. Rac1 f5 23. Nc5 Kg7 24. Bf3 f4 25. e4 Rh8+ 26. Kg1 Rh4 27. Ne6+ Kf6 28. Rd8 Qa7 29. Rxa8 Qxa8 30. Nc5 Qh8 31. g3 fxg3 32. fxg3 Bd4+ 33. Kf1 Rh1+ 34. Bxh1 Qxh1+ 35. Ke2 Qxc1 36. e5+ Bxe5 37. Nxb7 Qc3 0-1

[Event "CAN-ch"]
[Site "Toronto CAN"]
[Date "2004.08.25"]
[Round "6"]
[White "Predescu, Sebastian"]
[Black "Peng, David Yu"]
[Result "1-0"]
[WhiteElo "2221"]
[BlackElo "2038"]
[PlyCount "99"]
[GameId "2160767911077995"]
[EventDate "2004.08.20"]
[EventType "swiss"]
[EventRounds "11"]
[EventCountry "CAN"]
[SourceTitle "CBM 101 Extra"]
[Source "ChessBase"]
[SourceDate "2004.09.01"]
[SourceVersion "2"]
[SourceVersionDate "2004.09.01"]
[SourceQuality "1"]

1. e4 e6 2. d4 d5 3. e5 c5 4. c3 Nc6 5. Nf3 f6 6. Be2 Qc7 7. O-O Bd7 8. Re1 Nge7 9. exf6 gxf6 10. dxc5 Ng6 11. c4 d4 12. Nxd4 Nxd4 13. Qxd4 Bxc5 14. Qc3 Kf7 15. Nd2 Qb6 16. Ne4 Bd4 17. Qb3 Bc6 18. Qxb6 axb6 19. Bh5 Ra5 20. Ng3 Rd8 21. a3 Rc5 22. Be3 Rxc4 23. Rad1 Ba4 24. Rd3 Bc2 25. Rd2 e5 26. Bd1 Bxd1 27. Rexd1 Ne7 28. Ne2 Nf5 29. Bxd4 Nxd4 30. Kf1 Ke7 31. Nxd4 Rcxd4 32. Rxd4 exd4 33. Ke2 f5 34. Kd3 Ke6 35. Re1+ Kf6 36. Rc1 Rd7 37. f4 Re7 38. Rc4 Rd7 39. Rxd4 Rxd4+ 40. Kxd4 Ke6 41. Kc4 h5 42. Kb5 Kd5 43. Kxb6 Ke4 44. Kxb7 Kxf4 45. a4 Ke3 46. a5 Kf2 47. a6 Kxg2 48. a7 Kxh2 49. a8=Q f4 50. Qh8 1-0

[Event "CAN-ch"]
[Site "Toronto CAN"]
[Date "2004.08.25"]
[Round "6"]
[White "Quan Zhe"]
[Black "Dougherty, Michael"]
[Result "0-1"]
[WhiteElo "2324"]
[BlackElo "2229"]
[PlyCount "100"]
[GameId "2160767911077996"]
[EventDate "2004.08.20"]
[EventType "swiss"]
[EventRounds "11"]
[EventCountry "CAN"]
[SourceTitle "CBM 101 Extra"]
[Source "ChessBase"]
[SourceDate "2004.09.01"]
[SourceVersion "2"]
[SourceVersionDate "2004.09.01"]
[SourceQuality "1"]

1. d4 g6 2. c4 Bg7 3. Nc3 d6 4. e4 e5 5. Nge2 Nd7 6. Be3 Nh6 7. f3 f5 8. Qd2 Nf7 9. O-O-O O-O 10. exf5 gxf5 11. f4 c6 12. Ng3 Nf6 13. Be2 Qe7 14. dxe5 dxe5 15. fxe5 Nxe5 16. Bf4 a5 17. Rhe1 Ne4 18. Ncxe4 fxe4 19. Nh5 Bh8 20. Bh6 Re8 21. Rf1 Bg4 22. Bg5 Qb4 23. Qxb4 axb4 24. Bxg4 Nxg4 25. h3 e3 26. Rf3 Rxa2 27. Rd8 Rxd8 28. Bxd8 b3 29. Kd1 Rxb2 30. hxg4 Rd2+ 31. Ke1 b2 32. Rxe3 Rxg2 33. Rb3 Rg1+ 34. Kd2 b1=Q 35. Rxb1 Rxb1 36. Bc7 Kf7 37. Ke3 Rd1 38. Nf4 Bf6 39. Nd3 b5 40. cxb5 cxb5 41. Ba5 Kg6 42. Bc7 Ra1 43. Bd6 Ra4 44. Kf3 Rd4 45. Nf4+ Kf7 46. Bc5 Rc4 47. Nd3 Ke6 48. Nf4+ Ke5 49. Be3 Rc3 50. Ke2 Rxe3+ 0-1

[Event "CAN-ch"]
[Site "Toronto CAN"]
[Date "2004.08.25"]
[Round "6"]
[White "Yoos, John"]
[Black "Lavin, David"]
[Result "1-0"]
[WhiteElo "2405"]
[BlackElo "2225"]
[PlyCount "67"]
[GameId "2160767911077997"]
[EventDate "2004.08.20"]
[EventType "swiss"]
[EventRounds "11"]
[EventCountry "CAN"]
[SourceTitle "CBM 101 Extra"]
[Source "ChessBase"]
[SourceDate "2004.09.01"]
[SourceVersion "2"]
[SourceVersionDate "2004.09.01"]
[SourceQuality "1"]

1. e4 c5 2. Nf3 d6 3. d4 cxd4 4. Nxd4 Nf6 5. Nc3 Nc6 6. Bg5 Qb6 7. Nb3 e6 8. Bf4 Ne5 9. Be3 Qc7 10. f4 Nc6 11. Qf3 a6 12. g4 b5 13. g5 Nd7 14. O-O-O b4 15. Ne2 Bb7 16. Ned4 Nc5 17. Nd2 Rc8 18. Nxc6 Qxc6 19. Bxc5 Qxc5 20. Bd3 g6 21. h4 Bg7 22. Nb3 Qb6 23. h5 Rg8 24. hxg6 hxg6 25. Rh7 a5 26. Qh3 Kf8 27. f5 exf5 28. exf5 gxf5 29. Bxf5 Rc7 30. g6 a4 31. gxf7 Rxf7 32. Nd4 Bxd4 33. Rxf7+ Kxf7 34. Be6+ 1-0

[Event "CAN-ch"]
[Site "Toronto CAN"]
[Date "2004.08.25"]
[Round "6.1"]
[White "Bluvshtein, Mark"]
[Black "Spraggett, Kevin"]
[Result "1/2-1/2"]
[WhiteElo "2520"]
[BlackElo "2630"]
[PlyCount "40"]
[GameId "2160767911077998"]
[EventDate "2004.08.20"]
[EventType "swiss"]
[EventRounds "11"]
[EventCountry "CAN"]

1. e4 c5 2. Nf3 e6 3. d4 cxd4 4. Nxd4 a6 5. Bd3 Nf6 6. O-O d6 7. c4 Nbd7 8. Nc3 Qc7 9. f4 Be7 10. Qe2 O-O 11. Kh1 Re8 12. Bd2 b6 13. Rae1 Bb7 14. b4 Rad8 15. f5 Bf8 16. fxe6 fxe6 17. Bg5 Rc8 18. Nd1 h6 19. Bh4 Nh7 20. Nf3 Ne5 1/2-1/2

[Event "CAN-ch"]
[Site "Toronto CAN"]
[Date "2004.08.25"]
[Round "6.5"]
[White "Hamilton, Robert"]
[Black "Moskvitch, Andrei"]
[Result "1-0"]
[WhiteElo "2389"]
[BlackElo "2142"]
[PlyCount "87"]
[GameId "2160767911078001"]
[EventDate "2004.08.20"]
[EventType "swiss"]
[EventRounds "11"]
[EventCountry "CAN"]

1. d4 d5 2. c4 e6 3. Nc3 c5 4. cxd5 exd5 5. Nf3 Nc6 6. Bg5 Be7 7. Bxe7 Ngxe7 8. e3 cxd4 9. Nxd4 O-O 10. Qd2 Nxd4 11. Qxd4 Be6 12. Rd1 Nc6 13. Qd2 Qf6 14. Bb5 Ne5 15. O-O Nf3+ 16. gxf3 Bh3 17. Ne2 Bxf1 18. Kxf1 Qxf3 19. Qxd5 Qf6 20. Nd4 Rfd8 21. Qe4 a6 22. Bd3 g6 23. Qxb7 Rab8 24. Qc6 Rd6 25. Qc2 Qh4 26. Nf3 Qg4 27. Ke2 Rf6 28. Be4 Rc8 29. Qd3 Re8 30. Bd5 Re5 31. Qd4 Qxd4 32. Rxd4 Re8 33. Bc4 Rc6 34. Rf4 Re7 35. Ng5 Kg7 36. b3 f5 37. Rd4 Kf6 38. Nf3 g5 39. Rd5 Rb6 40. Bd3 f4 41. Rf5+ Kg7 42. Rxg5+ Kh8 43. Rc5 fxe3 44. fxe3 1-0

[Event "CAN-ch"]
[Site "Toronto CAN"]
[Date "2004.08.25"]
[Round "6.6"]
[White "Gardner, Robert"]
[Black "Gravel, Simon M"]
[Result "1/2-1/2"]
[WhiteElo "2249"]
[BlackElo "2333"]
[PlyCount "124"]
[GameId "2160767911078002"]
[EventDate "2004.08.20"]
[EventType "swiss"]
[EventRounds "11"]
[EventCountry "CAN"]

1. d4 d5 2. e3 Nf6 3. Bd3 Nc6 4. f4 Nb4 5. Nf3 c5 6. O-O c4 7. a3 cxd3 8. axb4 dxc2 9. Qxc2 Bd7 10. Nc3 e6 11. b5 Bd6 12. Ne5 O-O 13. Rf3 Qc7 14. Rh3 Bxe5 15. fxe5 Ne4 16. Qd3 h6 17. Nxe4 dxe4 18. Qxe4 Bxb5 19. Bd2 Qc4 20. Rg3 Qe2 21. Bc3 Bc6 22. Qh4 Kh7 23. Re1 Qc2 24. Bb4 Rg8 25. Ba3 Qd2 26. Rf1 Bb5 27. Ra1 Rac8 28. h3 Rc2 29. Kh2 Bc6 30. Rg1 Qf2 31. Qe7 Bd5 32. Qh4 Re2 33. Be7 a5 34. Bg5 a4 35. Qg4 f5 36. Qh5 Rxb2 37. Bxh6 Qxg3+ 38. Kxg3 gxh6+ 39. Kh4 Rbxg2 40. Rc1 R2g7 41. Ra1 b5 42. Qe2 Bc4 43. Qc2 Rg2 44. Qc3 R8g7 45. Qb4 R2g3 46. d5 Rxe3 47. Re1 Rxe1 48. Qxe1 Bxd5 49. Qb4 Bc4 50. Qd6 Bd5 51. Qb4 Rb7 52. Kh5 Bf3+ 53. Kh4 Bd5 54. Kh5 Rf7 55. Qf4 a3 56. Qxh6+ Kg8 57. Qg5+ Rg7 58. Qc1 Rh7+ 59. Kg6 Rg7+ 60. Kh6 Rh7+ 61. Kg6 Rg7+ 62. Kh6 Rh7+ 1/2-1/2

[Event "CAN-ch"]
[Site "Toronto CAN"]
[Date "2004.08.25"]
[Round "6.7"]
[White "Divljan, Igor"]
[Black "McTavish, David"]
[Result "1-0"]
[WhiteElo "2344"]
[BlackElo "2159"]
[PlyCount "51"]
[GameId "2160767911078003"]
[EventDate "2004.08.20"]
[EventType "swiss"]
[EventRounds "11"]
[EventCountry "CAN"]

1. d4 Nf6 2. c4 g6 3. Nc3 d5 4. Nf3 Bg7 5. Bg5 Ne4 6. cxd5 Nxg5 7. Nxg5 e6 8. Qd2 exd5 9. Qe3+ Kf8 10. Qf4 Bf6 11. h4 h6 12. Nf3 Kg7 13. O-O-O c6 14. e4 b5 15. e5 Be7 16. Bd3 b4 17. Ne2 Ba6 18. e6 fxe6 19. Bxg6 Bf6 20. Bd3 Bxd3 21. Rxd3 Qe8 22. Re3 Nd7 23. Qg4+ Qg6 24. Qxe6 Nf8 25. Qd6 Rd8 26. Re7+ 1-0

[Event "CAN-ch"]
[Site "Toronto CAN"]
[Date "2004.08.25"]
[Round "6.12"]
[White "Stevens, Christian"]
[Black "Barron, Michael"]
[Result "1/2-1/2"]
[WhiteElo "2320"]
[BlackElo "2257"]
[PlyCount "104"]
[GameId "2160767911078006"]
[EventDate "2004.08.20"]
[EventType "swiss"]
[EventRounds "11"]
[EventCountry "CAN"]

1. e4 e5 2. Nf3 Nc6 3. Bb5 a6 4. Ba4 Nf6 5. O-O Be7 6. Re1 b5 7. Bb3 O-O 8. h3 d6 9. c3 Na5 10. Bc2 c5 11. d4 Qc7 12. Nbd2 Bb7 13. d5 g6 14. b3 Nh5 15. Bd3 Bc8 16. a4 Bd7 17. c4 Nf4 18. Bf1 b4 19. Nb1 g5 20. Kh2 f6 21. Bxf4 gxf4 22. Nh4 f5 23. Nxf5 Bxf5 24. exf5 Rxf5 25. Bd3 Rg5 26. Nd2 Kh8 27. Ne4 Rg7 28. Bc2 Nb7 29. g3 Rf8 30. Qh5 Qd7 31. gxf4 Rxf4 32. Rg1 Rf5 33. Qe2 Bg5 34. Rg4 Bf4+ 35. Kg2 Rff7 36. Rh1 Qe7 37. Kf1 Kg8 38. Rhg1 Kf8 39. Rxg7 Rxg7 40. Rxg7 Qxg7 41. Qh5 Qg6 42. Qh4 Qg7 43. Nf6 h6 44. Nh7+ Ke8 45. Qh5+ Kd8 46. Qf5 Qd7 47. Qf6+ Qe7 48. Qh8+ Qe8 49. Qg7 Qd7 50. Qf8+ Qe8 51. Qg7 Qd7 52. Qf8+ Qe8 1/2-1/2

[Event "CAN-ch"]
[Site "Toronto CAN"]
[Date "2004.08.25"]
[Round "6.13"]
[White "Jiganchine, Roman"]
[Black "Djerkovic, Miladin"]
[Result "1-0"]
[WhiteElo "2218"]
[BlackElo "2270"]
[PlyCount "85"]
[GameId "2160767911078007"]
[EventDate "2004.08.20"]
[EventType "swiss"]
[EventRounds "11"]
[EventCountry "CAN"]

1. e4 e5 2. Nf3 Nc6 3. Bb5 a6 4. Ba4 Nf6 5. O-O Be7 6. Re1 b5 7. Bb3 d6 8. c3 O-O 9. h3 Qd7 10. d4 Re8 11. Nbd2 Bf8 12. d5 Ne7 13. Nf1 h6 14. Ng3 Bb7 15. Nh2 Ng6 16. Ng4 Nxg4 17. hxg4 Nf4 18. Nf5 g6 19. Ne3 c6 20. g3 Nh3+ 21. Kg2 Ng5 22. dxc6 Bxc6 23. Nd5 Bg7 24. Bxg5 hxg5 25. Nb6 Qb7 26. Nxa8 Bxe4+ 27. f3 Bc6 28. Nb6 Qxb6 29. Bd5 Qb7 30. Bxc6 Qxc6 31. Qd2 e4 32. fxe4 Rxe4 33. Kh3 Be5 34. Qxg5 Kg7 35. Qd2 f5 36. gxf5 Rxe1 37. Rxe1 Qf3 38. Qg5 Qxf5+ 39. Qxf5 gxf5 40. Kg2 a5 41. a4 b4 42. Rxe5 bxc3 43. Re2 1-0

[Event "CAN-ch"]
[Site "Toronto CAN"]
[Date "2004.08.25"]
[Round "6.14"]
[White "Starr (Shterenberg), Nava"]
[Black "Krnan, Tomas"]
[Result "0-1"]
[WhiteElo "2229"]
[BlackElo "2409"]
[PlyCount "54"]
[GameId "2160767911078008"]
[EventDate "2004.08.20"]
[EventType "swiss"]
[EventRounds "11"]
[EventCountry "CAN"]

1. e4 e5 2. Nf3 Nc6 3. Nc3 Nf6 4. d4 exd4 5. Nxd4 Bb4 6. Nxc6 bxc6 7. Bd3 d5 8. exd5 cxd5 9. O-O O-O 10. Bg5 c6 11. Qf3 Be7 12. h3 Be6 13. Ne2 c5 14. c3 h6 15. Bf4 Qb6 16. Rab1 d4 17. cxd4 Bxa2 18. dxc5 Bxc5 19. Rbc1 Bd5 20. Qg3 Be4 21. Bc7 Qc6 22. Be5 Nh5 23. Qg4 Bxd3 24. Qxh5 Rae8 25. b4 Bg6 26. Qg4 Rxe5 27. bxc5 Bh5 0-1

[Event "CAN-ch"]
[Site "Toronto CAN"]
[Date "2004.08.25"]
[Round "6.15"]
[White "Davies, Lucas"]
[Black "Sasata, Robert"]
[Result "1/2-1/2"]
[WhiteElo "2153"]
[BlackElo "2355"]
[PlyCount "95"]
[GameId "2160767911078009"]
[EventDate "2004.08.20"]
[EventType "swiss"]
[EventRounds "11"]
[EventCountry "CAN"]

1. e4 e6 2. d4 c5 3. d5 exd5 4. exd5 Nf6 5. c4 d6 6. Nc3 Be7 7. h3 O-O 8. Nf3 Re8 9. Be2 Na6 10. O-O Nc7 11. b3 a6 12. Qc2 b5 13. Bd3 g6 14. Bb2 Rb8 15. Rab1 Nh5 16. Ne4 Bf5 17. Qc3 f6 18. Nfd2 Nf4 19. Rfe1 b4 20. Qc2 Rf8 21. Bf1 g5 22. Ba1 Qe8 23. Qb2 Qd7 24. Re3 h6 25. Rbe1 Rbe8 26. f3 Qd8 27. Nf2 Ng6 28. Bd3 Bxd3 29. Nxd3 Rf7 30. Qc2 f5 31. Rf1 Bf6 32. Bxf6 Qxf6 33. Rxe8+ Nxe8 34. Re1 Re7 35. Rxe7 Qxe7 36. Kf2 Qf6 37. Qb2 Qc3 38. Qxc3 bxc3 39. Nb1 c2 40. Na3 Nf4 41. Nc1 Kf7 42. Nxc2 Kf6 43. Ne2 Ng6 44. Ne1 f4 45. Nd3 Ne5 46. Nxe5 Kxe5 47. g3 h5 48. g4 1/2-1/2

[Event "CAN-ch"]
[Site "Toronto CAN"]
[Date "2004.08.25"]
[Round "6.16"]
[White "Mikanovic, Goran"]
[Black "Wang, David"]
[Result "0-1"]
[WhiteElo "2349"]
[BlackElo "2183"]
[PlyCount "74"]
[GameId "2160767911078010"]
[EventDate "2004.08.20"]
[EventType "swiss"]
[EventRounds "11"]
[EventCountry "CAN"]

1. d4 d5 2. c4 dxc4 3. Nf3 Nf6 4. e3 e6 5. Bxc4 a6 6. a4 c5 7. O-O Nc6 8. Qe2 Be7 9. Rd1 Qc7 10. Nc3 O-O 11. b3 Rd8 12. Bb2 cxd4 13. exd4 Qa5 14. Rac1 b6 15. Ne4 Nd5 16. Ne5 Bb7 17. Qf3 f5 18. Bxd5 Qxd5 19. Rxc6 fxe4 20. Qf7+ Kh8 21. Rxb6 e3 22. Rxb7 Qxb7 23. Qxe6 exf2+ 24. Kf1 Rf8 25. Nf7+ Rxf7 26. Qxf7 Rf8 27. Qe6 Qc7 28. d5 Qxh2 29. Bxg7+ Kxg7 30. Qxe7+ Kg8 31. Qe6+ Kh8 32. Ke2 f1=Q+ 33. Rxf1 Qxg2+ 34. Ke3 Qxf1 35. Qe5+ Qf6 36. Ke4 Qxe5+ 37. Kxe5 h5 0-1

[Event "CAN-ch"]
[Site "Toronto CAN"]
[Date "2004.08.25"]
[Round "6.17"]
[White "Cazelais, Marc"]
[Black "Tipu, Vincent"]
[Result "1-0"]
[WhiteElo "2192"]
[BlackElo "2307"]
[PlyCount "115"]
[GameId "2160767911078011"]
[EventDate "2004.08.20"]
[EventType "swiss"]
[EventRounds "11"]
[EventCountry "CAN"]

1. e4 e5 2. Nf3 Nc6 3. Bc4 Nf6 4. d4 exd4 5. e5 d5 6. Bb5 Ne4 7. Nxd4 Bd7 8. Bxc6 bxc6 9. O-O Bc5 10. Be3 Bb6 11. f3 Ng5 12. c3 O-O 13. Qd2 Ne6 14. Na3 f6 15. Nxe6 Bxe6 16. exf6 Qxf6 17. Bd4 Bf5 18. Kh1 Qg6 19. Rfe1 Rae8 20. c4 c5 21. Bxc5 Bxc5 22. Qxd5+ Re6 23. Qxc5 Rfe8 24. Rxe6 Rxe6 25. Qxc7 Re2 26. Qb8+ Kf7 27. Qxa7+ Kf6 28. Qd4+ Kf7 29. Rg1 Qg5 30. Nb5 Rd2 31. Qe5 Qf6 32. Qxf6+ Kxf6 33. b4 Rxa2 34. Rc1 Rb2 35. Nc7 Ke5 36. b5 Bd3 37. h3 Rb4 38. c5 Bxb5 39. Nxb5 Rxb5 40. Kh2 Rb7 41. Kg3 Kd5 42. c6 Rc7 43. Kf4 Rxc6 44. Rxc6 Kxc6 45. Ke5 Kd7 46. f4 Ke7 47. g4 Kf7 48. Kd6 Kf6 49. Kd5 Ke7 50. Ke5 Kf7 51. g5 g6 52. Kd6 Kg8 53. Ke7 Kg7 54. Ke6 Kg8 55. Kf6 Kf8 56. h4 Kg8 57. h5 gxh5 58. Ke7 1-0

[Event "CAN-ch"]
[Site "Toronto CAN"]
[Date "2004.08.25"]
[Round "6.18"]
[White "Masse, Hugues"]
[Black "Noritsyn, Nikolay"]
[Result "0-1"]
[WhiteElo "2188"]
[BlackElo "2323"]
[PlyCount "60"]
[GameId "2160767911078012"]
[EventDate "2004.08.20"]
[EventType "swiss"]
[EventRounds "11"]
[EventCountry "CAN"]

1. d4 d5 2. c4 e6 3. Nc3 Be7 4. Nf3 Nf6 5. cxd5 exd5 6. Bg5 c6 7. Qc2 g6 8. e3 Bf5 9. Qd2 Nbd7 10. h3 O-O 11. Nh4 Be6 12. Nf3 c5 13. Bd3 c4 14. Be2 Rb8 15. Bf4 Rc8 16. O-O a6 17. Ne5 b5 18. Nxd7 Qxd7 19. a3 a5 20. Bf3 b4 21. axb4 axb4 22. Ne2 Ra8 23. Be5 Qb7 24. Rfc1 Rxa1 25. Rxa1 Nd7 26. Bg3 Ra8 27. Qc1 Rxa1 28. Qxa1 c3 29. Qc1 Qa6 30. e4 dxe4 0-1

[Event "CAN-ch"]
[Site "Toronto CAN"]
[Date "2004.08.25"]
[Round "6.19"]
[White "Patterson, Roger"]
[Black "Bailey, Doug"]
[Result "1/2-1/2"]
[WhiteElo "2195"]
[BlackElo "2290"]
[PlyCount "76"]
[GameId "2160767911078013"]
[EventDate "2004.08.20"]
[EventType "swiss"]
[EventRounds "11"]
[EventCountry "CAN"]

1. e4 c5 2. Nf3 d6 3. d4 cxd4 4. Nxd4 Nf6 5. Nc3 g6 6. Be3 Bg7 7. f3 O-O 8. Qd2 Nc6 9. Bc4 Nxd4 10. Bxd4 Be6 11. Nd5 Rc8 12. Nxf6+ Bxf6 13. Bxe6 fxe6 14. Bxf6 exf6 15. O-O-O Rc6 16. Rhe1 Qb6 17. Re3 Rfc8 18. Rd3 Qc5 19. Rc3 Qa5 20. Rxc6 Qxd2+ 21. Kxd2 Rxc6 22. Kd3 Kf7 23. c4 f5 24. b3 Kf6 25. Rd2 Ke5 26. Re2 f4 27. g4 h6 28. h4 a6 29. b4 Rc7 30. a4 b6 31. Ra2 d5 32. exd5 exd5 33. Re2+ Kd6 34. cxd5 Kxd5 35. Re8 Rd7 36. Re4 Rf7 37. Rd4+ Ke5 38. Re4+ Kd5 1/2-1/2

[Event "CAN-ch"]
[Site "Toronto CAN"]
[Date "2004.08.25"]
[Round "6.20"]
[White "Golts, Roman"]
[Black "Feoktistov, Dmitri"]
[Result "0-1"]
[WhiteElo "2271"]
[BlackElo "2175"]
[PlyCount "88"]
[GameId "2160767911078014"]
[EventDate "2004.08.20"]
[EventType "swiss"]
[EventRounds "11"]
[EventCountry "CAN"]

1. e4 c6 2. d4 d5 3. Nd2 dxe4 4. Nxe4 Nf6 5. Nxf6+ gxf6 6. Bc4 Bf5 7. Ne2 e6 8. Ng3 Bg6 9. Bf4 Bd6 10. Bh6 Nd7 11. f4 Qb6 12. Bb3 O-O-O 13. Qd2 Rhe8 14. O-O-O f5 15. h4 f6 16. Rhe1 Bf8 17. Bxf8 Nxf8 18. h5 Bf7 19. Nxf5 Bxh5 20. Ng7 Bxd1 21. Nxe8 Bxc2 22. Bxe6+ Nxe6 23. Rxe6 Bg6 24. Nd6+ Kc7 25. f5 Rxd6 26. Rxd6 Kxd6 27. fxg6 hxg6 28. Qh6 Qxd4 29. Qxg6 Qe3+ 30. Kc2 Qc5+ 31. Kb3 Qg5 32. Qh7 Qe3+ 33. Kc2 Qe7 34. Qd3+ Kc7 35. Qg3+ Qd6 36. Qg7+ Kb6 37. g4 Qc5+ 38. Kd3 Qe5 39. b3 a5 40. Qg6 Qb2 41. Ke3 Qxa2 42. Qxf6 Qxb3+ 43. Ke4 Qb1+ 44. Ke3 Qg1+ 0-1

[Event "CAN-ch"]
[Site "Toronto CAN"]
[Date "2004.08.25"]
[Round "6.25"]
[White "Jung, Hans"]
[Black "Nezirovic, Ozren"]
[Result "1-0"]
[WhiteElo "2208"]
[BlackElo "2122"]
[PlyCount "201"]
[GameId "2160767911078016"]
[EventDate "2004.08.20"]
[EventType "swiss"]
[EventRounds "11"]
[EventCountry "CAN"]

1. d4 g6 2. e4 d6 3. Nc3 Nf6 4. f4 Bg7 5. Nf3 c5 6. Bb5+ Bd7 7. Qd3 cxd4 8. Nxd4 a6 9. Bc4 Nc6 10. Be3 b5 11. Bb3 O-O 12. O-O-O Rc8 13. h3 Na5 14. e5 Nxb3+ 15. Nxb3 Bf5 16. exf6 Bxd3 17. fxg7 Kxg7 18. Rxd3 Qc7 19. Rd2 e6 20. Ne4 Rcd8 21. Rhd1 e5 22. Nc3 a5 23. Nd5 Qc4 24. Bb6 a4 25. Bxd8 Rxd8 26. Na5 Qxa2 27. Nc3 Qa1+ 28. Nb1 b4 29. Rd3 e4 30. Re3 a3 31. bxa3 bxa3 32. Rxa3 Qf6 33. g3 d5 34. Nb3 d4 35. Ra4 d3 36. Rc4 e3 37. Rxd3 Re8 38. Rd1 Qe6 39. Rc3 Qxh3 40. Rcd3 Qxg3 41. Nc3 Qxf4 42. Re1 e2+ 43. Rd2 Rc8 44. Nxe2 Qb4 45. Kd1 h5 46. Ned4 h4 47. Rh1 Rh8 48. Rg2 Qb7 49. Rhh2 Qe4 50. Re2 Qd5 51. Kc1 Qg5+ 52. Kb2 Rb8 53. Re4 Rh8 54. Rh3 Qf6 55. Rf3 Qb6 56. Re7 Kh6 57. Rexf7 Kg5 58. R3f4 Rh5 59. Nf3+ Kh6 60. Nxh4 Qe3 61. Nf3 Rh1 62. Rf8 Rf1 63. R4f7 Kh5 64. Rf4 Kh6 65. R8f7 g5 66. R4f6+ Kh5 67. Rf5 Rxf3 68. Rxf3 Qe5+ 69. Ka2 Qe2 70. Rc3 g4 71. Rf5+ Kh4 72. Rf4 Kg5 73. Rd4 Qg2 74. Rc5+ Kh4 75. Rcc4 Kh5 76. Rxg4 Qa8+ 77. Ra4 Qc8 78. Rgc4 Qe6 79. Rh4+ Kg6 80. Rag4+ Kf5 81. Rf4+ Kg5 82. Rc4 Qa6+ 83. Kb2 Qf6+ 84. Rhd4 Qf3 85. Rc5+ Kf6 86. Rd6+ Ke7 87. Rb6 Qe3 88. c4 Kd7 89. Ka3 Qc3 90. Rb4 Kd6 91. Ra5 Kc6 92. c5 Kc7 93. Rb6 Kc8 94. Ra7 Qe3 95. Rbb7 Qc3 96. Rb6 Qc4 97. c6 Qe6 98. Ra8+ Kc7 99. Rb7+ Kd6 100. c7 Qe7 101. c8=N+ 1-0

[Event "CAN-ch"]
[Site "Toronto CAN"]
[Date "2004.08.25"]
[Round "6.26"]
[White "Henry, Liam"]
[Black "Lipnowski, Samuel"]
[Result "1/2-1/2"]
[WhiteElo "2145"]
[BlackElo "2078"]
[PlyCount "127"]
[GameId "2160767911078017"]
[EventDate "2004.08.20"]
[EventType "swiss"]
[EventRounds "11"]
[EventCountry "CAN"]

1. e4 c5 2. Nf3 d6 3. d4 cxd4 4. Nxd4 Nf6 5. Nc3 a6 6. Bc4 e6 7. Bb3 b5 8. O-O Be7 9. Qf3 Qb6 10. Be3 Qb7 11. Qg3 O-O 12. Bh6 Nh5 13. Qg4 Bf6 14. Nde2 b4 15. Na4 Nd7 16. Qxh5 gxh6 17. Ng3 Bg7 18. Rad1 Qc7 19. c3 a5 20. f4 Ba6 21. Rfe1 Rab8 22. Qh4 Nc5 23. Nh5 Nxb3 24. Nxg7 Kxg7 25. axb3 bxc3 26. Nxc3 Rxb3 27. e5 dxe5 28. fxe5 f5 29. Rd6 Bc8 30. Rd3 f4 31. Rh3 Qa7+ 32. Kh1 Kh8 33. Qxh6 Qg7 34. Qxg7+ Kxg7 35. Re2 Rd8 36. Kg1 Rd4 37. Kf2 Ba6 38. Rc2 Rdb4 39. Na2 Rb7 40. Rxb3 Rxb3 41. Nc1 Rb4 42. b3 Bb5 43. Ra2 a4 44. bxa4 Bxa4 45. Nd3 Rc4 46. Kf3 Bc6+ 47. Kf2 Kg6 48. Re2 Kf5 49. g3 f3 50. Rb2 Ke4 51. Ne1 Rc3 52. Rc2 Rxc2+ 53. Nxc2 Bb5 54. Ne1 Be2 55. h3 h5 56. g4 h4 57. g5 Kxe5 58. Nxf3+ Bxf3 59. Kxf3 Kf5 60. g6 Kxg6 61. Kg4 e5 62. Kxh4 Kf5 63. Kg3 Ke4 64. Kf2 1/2-1/2

[Event "CAN-ch"]
[Site "Toronto CAN"]
[Date "2004.08.25"]
[Round "6.27"]
[White "Bogle, Bill"]
[Black "Schmidt, Tom"]
[Result "1/2-1/2"]
[WhiteElo "2118"]
[BlackElo "2216"]
[PlyCount "67"]
[GameId "2160767911078018"]
[EventDate "2004.08.20"]
[EventType "swiss"]
[EventRounds "11"]
[EventCountry "CAN"]

1. e4 e5 2. d4 exd4 3. f4 Nc6 4. Nf3 Bb4+ 5. Nbd2 Nf6 6. Bd3 d5 7. e5 Ng4 8. a3 Ba5 9. Qe2 O-O 10. O-O Ne3 11. Re1 f6 12. b4 Bb6 13. Nf1 fxe5 14. fxe5 Bg4 15. Nxe3 dxe3 16. Bxe3 Bxf3 17. gxf3 Nd4 18. Qg2 Nxf3+ 19. Kh1 Nxe1 20. Rxe1 Bxe3 21. Rxe3 Qh4 22. Qxd5+ Kh8 23. Qxb7 Rad8 24. Qe4 Rf4 25. Qg2 Rf2 26. Rh3 Rxd3 27. Rxh4 Rd1+ 28. Qg1 Rxg1+ 29. Kxg1 Rxc2 30. Rf4 Kg8 31. e6 Re2 32. Rc4 Rxe6 33. Rxc7 Ra6 34. Rc3 1/2-1/2